|
|
|
|
| LEADER |
00000nam0a2200000 4500 |
| 001 |
18503 |
| 005 |
20231030191313.0 |
| 010 |
|
|
|a 5211013557
|
| 035 |
|
|
|a (RuTPU)RU\TPU\book\18653
|
| 035 |
|
|
|a BOOK00018722
|
| 090 |
|
|
|a 18503
|
| 100 |
|
|
|a 20011209d1991 k y0rusy50 ca
|
| 101 |
0 |
|
|a rus
|
| 102 |
|
|
|a RU
|
| 105 |
|
|
|a y z 000zy
|
| 200 |
1 |
|
|a На пути в Белый дом
|e из истории демократической партии США (1920 - 1933)
|f И. В. Галкин
|
| 210 |
|
|
|a Москва
|c Изд-во МГУ
|d 1991
|
| 215 |
|
|
|a 167 с.
|
| 225 |
1 |
|
|a Проблемы американистики
|
| 610 |
1 |
|
|a политика
|
| 610 |
1 |
|
|a политические партии
|
| 610 |
1 |
|
|a США
|
| 610 |
1 |
|
|a история
|
| 610 |
1 |
|
|a 20 век
|
| 610 |
1 |
|
|a демократические партии
|
| 686 |
|
|
|a Ф69(7США)
|v LBC/SL-A
|2 rubbk
|
| 700 |
|
1 |
|a Галкин
|b И. В.
|g Илья Владимирович
|
| 801 |
|
0 |
|a RU
|b 63413507
|c 20011209
|g PSBO
|
| 801 |
|
2 |
|a RU
|b 63413507
|c 20080414
|g PSBO
|
| 942 |
|
|
|c BK
|